|
|
|
|
| LEADER |
00000nam a22000007a 4500 |
| 005 |
20200312235528.0 |
| 007 |
cr|||| |||| |
| 008 |
200312s2018 es |||||s|||| 00||0 spa d |
| 020 |
|
|
|a 978-84-9123-821-8
|
| 035 |
|
|
|a 31325
|
| 040 |
|
|
|a vLex
|
| 090 |
|
|
|c 10261
|d 10261
|
| 100 |
1 |
|
|a Nieva Fenoll, Jordi
|
| 245 |
1 |
0 |
|a Inteligencia artificial y proceso judicial
|h [Recurso electrn̤ico] /
|c Jordi Nieva Fenoll
|
| 256 |
|
|
|a Servicio en ln̕ea
|
| 260 |
|
|
|a Madrid:
|b Marcial Pons,
|c 2018
|
| 300 |
|
|
|a 1 recurso electrn̤ico
|
| 506 |
1 |
|
|a Disponible solo en los productos indicados
|d vLex Global
|d vLex Global (Academic Edition, excluding Law Schools)
|d vLex Global (U.S. Academic Edition, Law Schools)
|d vLex Global (U.S. Academic Edition, excluding Law Schools)
|d vLex Global (Academic Edition, Law Schools)
|
| 650 |
0 |
4 |
|a Derecho de las Nuevas Tecnologa̕s
|z Espaą
|
| 650 |
0 |
4 |
|a Derecho Procesal
|z Espaą
|
| 740 |
0 |
|
|a vLex Libros (Servicio en ln̕ea)
|
| 856 |
4 |
0 |
|u http://vlex.com/source/inteligencia-artificial-proceso-judicial-31325
|z Acceso restringido
|
| 942 |
|
|
|c BOOK
|
| 999 |
0 |
|
|a Law of New Technologies
|
| 999 |
0 |
|
|a Procedural Law
|